1098 1231 1029 1776 1590 1158 1815 1559 1808 1619 1320 1896 1720 1902 1724 1444 1874 1903 1420 1136 1627 1020 1822 1830 1462 1540 1751 1925 1615 1298 1404 1161 1418 1181 1741 1848 1613 1810 1448 1063 1088 1694 1038 1309 1444 1992 1350 1126 1216 1607 1626 1324 1323 1674 1774 1683 1340 1700 1995 1031 1616 1287 1176 1736 1721 1348 1797 1586 1807 1892 1997 1442 1951 1715 1150 1383 1771 1734 1083 1338 1811 1151 1360 1728 1997 1747 1194 1330 1330 1089 1792 1248 1142 1508 1450 1029 1534 1869 1919 BCNSPRNW ULIB Ver.6.0+V

เปลี่ยนเป็นภาษาไทย

Change to English
 แสดงรายละเอียดบรรณานุกรม
  กลับหน้าหลัก

Brief Record : Get Marc (ISO 2709) : E-mail record : QR code < ปิดหน้าต่าง
LEADER : 00000nam 2200000uu 4500
001    13399111302
003     ULIB
008    110622s||||||||th 000 0 tha d
020    9746058282
020    9789746058285
050 04 BF713^bท461จ 2546
100 0  ทิพย์ภา เชษฐ์เชาวลิต
245 10 จิตวิทยาพัฒนาการสำหรับพยาบาล /^cทิพย์ภา เชษฐ์เชาวลิต
250    พิมพ์ครั้งที่ 3
260    สงขลา :^bภาควิชาการพยาบาลจิตเวช คณะพยาบาลศาสตร์มหาวิทยาลัยสงขลานครินทร์,^c2546
300    ก-ฉ, 144 หน้า :^bภาพประกอบ ;^c26ซม.
650  7 จิตวิทยาพัฒนาการ
650  7 พยาบาล
710 2  มหาวิทยาลัยสงขลานครินทร์. ^bคณะพยาบาลศาสตร์.^bภาควิชาการพยาบาลจิตเวช
945    ^p130^l0^i018114
945    ^p130^l0^i018113
945    ^p130^l0^i018112
945    ^p130^l0^i018111
995    ทศพร
999 ^a ใช้งานได้ทุกระบบ
รายการนี้ยังไม่มีแท็ก
คุณยังไม่ได้ล็อกอิน คุณสามารถมีกิจกรรมร่วมกับเว็บไซต์ได้ แต่ต้องล็อกอินก่อน ::
  ล็อกอิน

รายการสื่อสารสนเทศ

ลำดับที่ ประเภท เลขเรียก/บาร์โค้ด สถานที่ สถานะ
- ไม่พบข้อมูล -

รายการใกล้เคียง
    ผู้แต่ง [ทิพย์ภา เชษฐ์เชาวลิต]

    หัวเรื่อง [จิตวิทยาพัฒนาการ]
    หัวเรื่อง [พยาบาล]

BibComment


ยังไม่เคยถูกคอมเมนท์

คอมเมนท์ทรัพยากรรายการนี้
  คอมเมนท์: จิตวิทยาพัฒนาการส..


 Copyright 2026. Bcnsprnw @Library